[Event "POL-chT 52nd"]
[Site "Augustow"]
[Date "1996.12.05"]
[Round "9"]
[White "Krupa, Monika"]
[Black "Kurlenda, Alicja"]
[Result "1-0"]
[WhiteElo "2180"]
[BlackElo "2110"]
[PlyCount "81"]
[EventDate "1996.11.27"]
[EventType "team-tourn"]
[EventRounds "11"]
[EventCountry "POL"]
[SourceTitle "EXT 2019"]
[Source "ChessBase"]
[SourceDate "2018.10.10"]
[SourceVersion "1"]
[SourceVersionDate "2018.10.10"]
[SourceQuality "1"]
[WhiteTeam "Wroclaw Hetman"]
[BlackTeam "Bydgoszcz Chemik"]
[WhiteTeamCountry "POL"]
[BlackTeamCountry "POL"]

1. c4 e5 2. Nc3 Nc6 3. g3 g6 4. Bg2 Bg7 5. e3 d6 6. d3 Nge7 7. Nge2 0-0 8. 0-0 Bd7 9. Rb1 Qc8 10. Re1 Bh3 11. Bh1 a5 12. Nb5 Qd7 13. d4 exd4 14. Nbxd4 Nxd4 15. Nxd4 c6 16. e4 f5 17. Bg5 Rae8 18. c5 fxe4 19. cxd6 Qxd6 20. Rxe4 Bf5 21. Nxf5 Qxd1+ 22. Rxd1 Nxf5 23. Rd7 Rxe4 24. Bxe4 Rf7 25. Rd2 Be5 26. g4 Nd6 27. Bc2 Rd7 28. f4 Bg7 29. Bb3+ Kf8 30. Be6 Ke8 31. f5 gxf5 32. gxf5 Be5 33. Bxd7+ Kxd7 34. Kg2 Kc7 35. Kf3 Nc4 36. Rc2 b5 37. Bf4 Kd6 38. b3 Bxf4 39. Kxf4 Na3 40. Re2 c5 41. f6 1-0

[Event "POL-ch (Women)"]
[Site "Poland"]
[Date "1991.??.??"]
[Round "12"]
[White "Kurlenda, Alicja"]
[Black "Bos Swiecik, Iwona"]
[Result "0-1"]
[WhiteElo "2125"]
[BlackElo "2245"]
[PlyCount "40"]
[EventDate "1991.??.??"]
[EventType "tourn"]
[EventRounds "13"]
[EventCountry "POL"]
[SourceTitle "EXT 1997"]
[Source "ChessBase"]
[SourceDate "1996.11.15"]
[SourceVersion "1"]
[SourceVersionDate "1996.11.15"]
[SourceQuality "1"]

1. e4 c5 2. Nf3 Nc6 3. d4 cxd4 4. Nxd4 Nf6 5. Nc3 e5 6. Ndb5 d6 7. Bg5 a6 8. Na3 Be6 9. Nc4 Rc8 10. Bxf6 gxf6 11. Ne3 Bh6 12. Ncd5 Bxe3 13. Nxe3 Qb6 14. b3 Qb4+ 15. Qd2 Qxe4 16. Qxd6 Rd8 17. Qa3 Qd4 18. Rd1 Qc3+ 19. Ke2 Nd4+ 20. Rxd4 exd4 0-1

[Event "POL-ch (Women)"]
[Site "Poland"]
[Date "1991.??.??"]
[Round "11"]
[White "Kurlenda, Alicja"]
[Black "Gasik, Jadwiga"]
[Result "1-0"]
[WhiteElo "2125"]
[BlackElo "2020"]
[PlyCount "41"]
[EventDate "1991.??.??"]
[EventType "tourn"]
[EventRounds "13"]
[EventCountry "POL"]
[SourceTitle "EXT 1997"]
[Source "ChessBase"]
[SourceDate "1996.11.15"]
[SourceVersion "1"]
[SourceVersionDate "1996.11.15"]
[SourceQuality "1"]

1. e4 c6 2. d4 d5 3. Nc3 dxe4 4. Nxe4 Nf6 5. Nxf6+ gxf6 6. c3 Bf5 7. Nf3 e6 8. g3 Be4 9. Bg2 Bd6 10. 0-0 Nd7 11. Re1 f5 12. Ng5 Bxg2 13. Qh5 Qa5 14. Rxe6+ Kd8 15. Nxf7+ Kc7 16. Rxd6 Bd5 17. Bf4 Kb6 18. Rxd7 Rhc8 19. Nd6 Rd8 20. Nc4+ Bxc4 21. Bc7+ 1-0

[Event "POL-ch (Women)"]
[Site "Wroclaw"]
[Date "1987.??.??"]
[Round "10"]
[White "Kurlenda, Alicja"]
[Black "Bos Swiecik, Iwona"]
[Result "0-1"]
[WhiteElo "2000"]
[BlackElo "2140"]
[PlyCount "72"]
[EventDate "1987.??.??"]
[EventType "tourn"]
[EventRounds "15"]
[EventCountry "POL"]
[SourceTitle "EXT 1997"]
[Source "ChessBase"]
[SourceDate "1996.11.15"]
[SourceVersion "1"]
[SourceVersionDate "1996.11.15"]
[SourceQuality "1"]

1. e4 c5 2. c3 g6 3. d4 cxd4 4. cxd4 d5 5. exd5 Nf6 6. Nc3 Bg7 7. Bc4 0-0 8. Nf3 Nbd7 9. d6 exd6 10. 0-0 Nb6 11. Bb3 d5 12. Re1 Bf5 13. Bg5 Nc4 14. Qe2 Rc8 15. Ne5 h6 16. Bh4 Re8 17. Rad1 a6 18. Bxc4 dxc4 19. Qf3 b5 20. Qb7 Qe7 21. Qxa6 g5 22. Bg3 b4 23. Na4 c3 24. bxc3 bxc3 25. Nc5 c2 26. Rc1 Nd5 27. Nf3 Qf6 28. Qb5 Rxe1+ 29. Rxe1 Qb6 30. Qxb6 Nxb6 31. Nd3 Nd5 32. Nc1 Nc3 33. Kf1 Bf8 34. Ne5 Ba3 35. Ncd3 Bxd3+ 36. Nxd3 Nxa2 0-1

[Event "POL-ch (Women)"]
[Site "Wroclaw"]
[Date "1987.??.??"]
[Round "5"]
[White "Kurlenda, Alicja"]
[Black "Sikora Gizynska, Bozena"]
[Result "0-1"]
[WhiteElo "2000"]
[BlackElo "2155"]
[PlyCount "136"]
[EventDate "1987.??.??"]
[EventType "tourn"]
[EventRounds "15"]
[EventCountry "POL"]
[SourceTitle "EXT 1997"]
[Source "ChessBase"]
[SourceDate "1996.11.15"]
[SourceVersion "1"]
[SourceVersionDate "1996.11.15"]
[SourceQuality "1"]

1. e4 c5 2. c3 d5 3. exd5 Qxd5 4. d4 e6 5. Nf3 Nf6 6. Be2 Nc6 7. Na3 Qd8 8. Nc2 Be7 9. 0-0 0-0 10. Bg5 cxd4 11. Ncxd4 Nxd4 12. Nxd4 Qa5 13. Bh4 e5 14. Nb3 Qc7 15. Qc2 Nd5 16. Bxe7 Qxe7 17. Rad1 Nf4 18. Bf3 g6 19. Nd2 Bf5 20. Ne4 Rad8 21. Rxd8 Rxd8 22. Rd1 Kg7 23. Rxd8 Qxd8 24. Qd2 Qxd2 25. Nxd2 b6 26. b3 Bc2 27. g3 Nd3 28. Be4 f5 29. Bxd3 Bxd3 30. f3 Kf6 31. Kf2 Bb5 32. Ke3 Ke6 33. Nb1 Ba6 34. Na3 Kd5 35. Nc2 Kc5 36. Nb4 Bb7 37. Nd3+ Kd6 38. Nf2 Ke6 39. Nh3 h6 40. Nf2 g5 41. f4 exf4+ 42. gxf4 g4 43. Nd3 h5 44. Ne5 h4 45. Kf2 Kd5 46. Nc4 Bc6 47. Nd2 Ke6 48. Nc4 Be4 49. Nd2 Kd5 50. a3 b5 51. Nf1 Bd3 52. Nd2 Bc2 53. Kg2 a5 54. c4+ bxc4 55. Nxc4 Bxb3 56. Nxa5 Bc2 57. Nb7 Ke4 58. Nc5+ Kxf4 59. a4 Ke5 60. a5 Kd6 61. Nb7+ Kc6 62. Nd8+ Kb5 63. Ne6 Kxa5 64. h3 Be4+ 65. Kg1 Kb4 66. Nf4 Kc3 67. Ng6 g3 68. Nxh4 f4 0-1

[Event "POL-ch (Women)"]
[Site "Wroclaw"]
[Date "1987.??.??"]
[Round "2"]
[White "Strzalka, Joanna"]
[Black "Kurlenda, Alicja"]
[Result "1-0"]
[WhiteElo "2170"]
[BlackElo "2000"]
[PlyCount "47"]
[EventDate "1987.??.??"]
[EventType "tourn"]
[EventRounds "15"]
[EventCountry "POL"]
[SourceTitle "EXT 1997"]
[Source "ChessBase"]
[SourceDate "1996.11.15"]
[SourceVersion "1"]
[SourceVersionDate "1996.11.15"]
[SourceQuality "1"]

1. e4 e5 2. Nf3 Nc6 3. Nc3 Nf6 4. d4 exd4 5. Nxd4 Bb4 6. Nxc6 bxc6 7. Bd3 d5 8. exd5 cxd5 9. 0-0 0-0 10. Bg5 c6 11. Qf3 Be7 12. Rae1 h6 13. Bf4 Be6 14. Ne2 c5 15. c3 Qb6 16. Bc1 Bd6 17. h3 Nd7 18. Bc2 Qa6 19. Nf4 Ne5 20. Qh5 Nd7 21. Nxe6 fxe6 22. Bxh6 Be5 23. Bxg7 Bxg7 24. Bh7+ 1-0